000 00620ntaaa2200193 4500
003 01
005 20251027201245.0
008 0714s1973 ag 01
040 _aAR-BaBN
_bspa
_cAR-BaBN
_eaacr
_dRIC
082 _a220.93 D34
100 _aDe Waard, J.
_910772
245 _aA comparative study of the Old Testament text in the Dead Sea Scrolls and in the New Testament. /
_cJ. De Waard
250 _a1 ed.
260 _aGrand Rapids :
_bWm. B. Eerdmans,
_cc1966
300 _a101 p.
500 _aEstudio del texto del A.T. de los Rollos del Mar Muerto, y el N.T.
650 _aRollos del Mar Muerto
_9204
942 _cBK
999 _c6952
_d6952